000 00331 a2200145 4500
005 20250702071043.0
020 _a978-0-141-44114-6
082 _aEYR
100 _aEYRE, J.
245 _aCharlotte Bronte,
260 _bPENGUIN CLASICS,
_c2006.
300 _axxxiv, 589p,: ill.;
_c19.6cm
700 _aDAVIES, S.
942 _2ddc
_cBKS
999 _c6528
_d6528